[Event "5. Open BMW Augusta-Aragón - Stadium Ca"]
[Site "Zaragoza ESP"]
[Date "2011.12.29"]
[Round "7.15"]
[White "Colom Sienes, Eduardo"]
[Black "Dauletova, Gulmira"]
[Result "1/2-1/2"]
[WhiteElo "2042"]
[BlackElo "2283"]
[PlyCount "111"]
[EventDate "2011.12.23"]
[EventType "swiss"]
[EventRounds "9"]
[EventCountry "ESP"]
[Source "lmi"]
[SourceDate "2011.12.23"]

1. e4 e5 2. f4 d5 3. exd5 e4 4. d3 Nf6 5. dxe4 Nxe4 6. Nf3 Bc5 7. Qe2 Bf5 8.
Nc3 Qe7 9. Be3 Bb4 10. Bd2 O-O 11. Nxe4 Bxe4 12. O-O-O Na6 13. Bxb4 Qxb4 14. c3
Qe7 15. Ng5 Nc5 16. Nxe4 Nxe4 17. Qf3 f5 18. Bc4 Qc5 19. Rd4 Kh8 20. g4 b5 21.
gxf5 Nd6 22. Bd3 Rae8 23. Qg4 Rf6 24. Rg1 Re7 25. Bc2 a5 26. Rd2 Qe3 27. Qg3
Qxg3 28. hxg3 Nxf5 29. Bxf5 Rxf5 30. d6 cxd6 31. Rxd6 h6 32. Rd4 Rc5 33. Kd2
Rh5 34. Rg2 Kh7 35. g4 Rh4 36. Rd5 Rb7 37. g5 Rxf4 38. g6+ Kg8 39. Re2 Rf8 40.
Ree5 b4 41. Rxa5 bxc3+ 42. Kxc3 Rb6 43. b4 Rxg6 44. b5 Rf4 45. Ra8+ Kh7 46.
Rae8 Rg3+ 47. Re3 Rg6 48. R8e4 Rf1 49. a4 Ra1 50. Re6 Rxe6 51. Rxe6 Rxa4 52. b6
Ra8 53. b7 Rb8 54. Rb6 h5 55. Kd3 g6 56. Ke3 1/2-1/2

[Event "5. Open BMW Augusta-Aragón - Stadium Ca"]
[Site "Zaragoza ESP"]
[Date "2011.12.29"]
[Round "7.16"]
[White "Villuendas Valero, Adrian"]
[Black "Arnedo Ruiz, Alberto"]
[Result "1-0"]
[WhiteElo "2267"]
[BlackElo "2067"]
[PlyCount "55"]
[EventDate "2011.12.23"]
[EventType "swiss"]
[EventRounds "9"]
[EventCountry "ESP"]
[Source "lmi"]
[SourceDate "2011.12.23"]

1. d4 d5 2. Bf4 Nf6 3. e3 c5 4. c3 Nc6 5. Nd2 g6 6. Ngf3 Bg7 7. Be2 O-O 8. Ne5
Nd7 9. Nxd7 Qxd7 10. Nf3 b6 11. O-O f6 12. c4 cxd4 13. cxd5 Qxd5 14. Rc1 Be6
15. Bc4 Qd7 16. Bb5 Bd5 17. Nxd4 e5 18. Nxc6 Bxc6 19. Bxc6 Qxd1 20. Rfxd1 exf4
21. Bd5+ Kh8 22. Bxa8 Rxa8 23. exf4 f5 24. b3 Kg8 25. Rc7 a6 26. h4 Bf6 27. h5
gxh5 28. Rd5 1-0

[Event "5. Open BMW Augusta-Aragón - Stadium Ca"]
[Site "Zaragoza ESP"]
[Date "2011.12.30"]
[Round "8.1"]
[White "Georgiev, Kiril"]
[Black "Korneev, Oleg"]
[Result "1/2-1/2"]
[WhiteElo "2666"]
[BlackElo "2608"]
[PlyCount "130"]
[EventDate "2011.12.23"]
[EventType "swiss"]
[EventRounds "9"]
[EventCountry "ESP"]
[Source "lmi"]
[SourceDate "2011.12.23"]

1. d4 d5 2. c4 e6 3. Nf3 Nf6 4. g3 dxc4 5. Bg2 Bb4+ 6. Bd2 a5 7. O-O O-O 8. Bg5
Nc6 9. e3 h6 10. Bxf6 Qxf6 11. a3 Bd6 12. Nfd2 e5 13. d5 Nb8 14. Nc3 b6 15. Rc1
Ba6 16. Nxc4 Bxc4 17. Ne4 Qd8 18. Rxc4 Nd7 19. Qc2 Nc5 20. Nxd6 Qxd6 21. b4
axb4 22. axb4 Na6 23. Rb1 b5 24. Rc6 Nxb4 25. Rxd6 Nxc2 26. Rc6 Na3 27. Rb4 Nc4
28. Bf1 Nd6 29. Rxc7 Rfc8 30. Rd7 Ra6 31. Rb3 Rb6 32. h4 h5 33. e4 b4 34. f3
Rc1 35. Kf2 g6 36. Ra7 Rc2+ 37. Ke3 Rc8 38. Bd3 Kf8 39. f4 f6 40. fxe5 fxe5 41.
Kd2 Kg8 42. Re7 Re8 43. Rc7 Rc8 44. Rxc8+ Nxc8 45. Rb1 Nd6 46. Kc2 Rb7 47. Kb3
Kf7 48. Rc1 Ke7 49. Rc6 Kd7 50. Bf1 Ke7 51. Bh3 Ra7 52. Kxb4 Rb7+ 53. Ka4 Ra7+
54. Kb3 Rb7+ 55. Kc2 Rb4 56. Rc7+ Kf6 57. Rc6 Ke7 58. Rc7+ Kf6 59. Rd7 Nxe4 60.
Be6 g5 61. g4 gxh4 62. Rf7+ Kg6 63. gxh5+ Kxh5 64. Rf5+ Kg6 65. Rxe5 Nd6
1/2-1/2

[Event "5. Open BMW Augusta-Aragón - Stadium Ca"]
[Site "Zaragoza ESP"]
[Date "2011.12.30"]
[Round "8.2"]
[White "Kogan, Artur"]
[Black "Mirzoev, Azer"]
[Result "0-1"]
[WhiteElo "2572"]
[BlackElo "2510"]
[PlyCount "102"]
[EventDate "2011.12.23"]
[EventType "swiss"]
[EventRounds "9"]
[EventCountry "ESP"]
[Source "lmi"]
[SourceDate "2011.12.23"]

1. e4 e5 2. Nf3 Nc6 3. Nc3 Nf6 4. Bb5 d6 5. d4 Bd7 6. O-O Be7 7. Re1 exd4 8.
Nxd4 O-O 9. Bxc6 bxc6 10. Qf3 c5 11. Nf5 Bxf5 12. Qxf5 Nd7 13. Nd5 Nb6 14. Ne3
Re8 15. a4 Rb8 16. a5 Nd7 17. Nc4 Bf6 18. a6 Ne5 19. Ne3 g6 20. Qh3 Bg7 21. Ra4
h5 22. Rd1 Nd7 23. Nd5 c6 24. Nc3 Nb6 25. Ra2 Qf6 26. Qg3 Nc4 27. h3 Qe6 28. b3
Ne5 29. Ne2 c4 30. Nd4 Qd7 31. bxc4 Nxc4 32. Nb3 Qe6 33. f3 d5 34. Bf4 Rbd8 35.
Nc5 Qe7 36. Nb7 Rd7 37. exd5 cxd5 38. Qf2 d4 39. Kh1 Ne3 40. Rd3 Qf6 41. Bh2
Nd5 42. Rb3 Rde7 43. c4 dxc3 44. Qxa7 Re1+ 45. Bg1 Qd4 46. Qxd4 Bxd4 47. Nd6
Rxg1+ 48. Kh2 Ree1 49. Rb8+ Kg7 50. f4 h4 51. Ne8+ Kh6 0-1

[Event "5. Open BMW Augusta-Aragón - Stadium Ca"]
[Site "Zaragoza ESP"]
[Date "2011.12.30"]
[Round "8.5"]
[White "Garza Marco, Sergio"]
[Black "Perez Mitjans, Orelvis"]
[Result "0-1"]
[WhiteElo "2394"]
[BlackElo "2457"]
[PlyCount "76"]
[EventDate "2011.12.23"]
[EventType "swiss"]
[EventRounds "9"]
[EventCountry "ESP"]
[Source "lmi"]
[SourceDate "2011.12.23"]

1. d4 Nf6 2. c4 c5 3. d5 b5 4. cxb5 a6 5. bxa6 g6 6. Nc3 Bxa6 7. g3 d6 8. Bg2
Bg7 9. Nf3 Nbd7 10. Rb1 Qa5 11. Bd2 O-O 12. O-O Rfb8 13. Qc2 Qc7 14. b3 Nb6 15.
Nh4 Bb7 16. e4 Ba6 17. Rfd1 Ng4 18. Nf3 Nd7 19. h3 Nge5 20. Nxe5 Nxe5 21. Be1
c4 22. Ne2 Qa7 23. Nd4 cxb3 24. Rxb3 Rxb3 25. Nxb3 Nc4 26. Bc3 Ne3 27. fxe3
Qxe3+ 28. Qf2 Qxc3 29. Rc1 Qb4 30. Rc7 Kf8 31. Kh2 Be5 32. Qe3 Qb8 33. Rc2 Qa7
34. Qh6+ Kg8 35. Na5 Qd4 36. Nc6 Qd3 37. Qd2 Qxg3+ 38. Kg1 Bd3 0-1

[Event "5. Open BMW Augusta-Aragón - Stadium Ca"]
[Site "Zaragoza ESP"]
[Date "2011.12.30"]
[Round "8.7"]
[White "Glavina, Pablo"]
[Black "Villuendas Valero, Adrian"]
[Result "1/2-1/2"]
[WhiteElo "2468"]
[BlackElo "2267"]
[PlyCount "59"]
[EventDate "2011.12.23"]
[EventType "swiss"]
[EventRounds "9"]
[EventCountry "ESP"]
[Source "lmi"]
[SourceDate "2011.12.23"]

1. d4 d5 2. c4 dxc4 3. e3 Be6 4. Nf3 Nf6 5. Nc3 h6 6. Ne5 c5 7. Qf3 cxd4 8.
exd4 Bd5 9. Nxd5 Qxd5 10. Bxc4 Qxf3 11. Bxf7+ Kd8 12. gxf3 g5 13. f4 Nc6 14.
Nxc6+ bxc6 15. fxg5 hxg5 16. Bxg5 Bh6 17. f4 Ne4 18. Rg1 Nxg5 19. fxg5 Bg7 20.
O-O-O Rxh2 21. Rh1 Rg2 22. g6 Rb8 23. b3 Kc7 24. Rh7 Bf6 25. d5 Rd8 26. Rf1 Kb6
27. Rxf6 exf6 28. d6 Rxd6 29. g7 Rdd2 30. g8=Q 1/2-1/2

[Event "5. Open BMW Augusta-Aragón - Stadium Ca"]
[Site "Zaragoza ESP"]
[Date "2011.12.30"]
[Round "8.8"]
[White "Vassallo Barroche, Mauricio"]
[Black "Lamas Mercadal, Manuel"]
[Result "1-0"]
[WhiteElo "2429"]
[BlackElo "2202"]
[PlyCount "59"]
[EventDate "2011.12.23"]
[EventType "swiss"]
[EventRounds "9"]
[EventCountry "ESP"]
[Source "lmi"]
[SourceDate "2011.12.23"]

1. Nf3 Nf6 2. d4 g6 3. g3 Bg7 4. Bg2 O-O 5. O-O d6 6. Nc3 Nbd7 7. e4 e5 8. a4
a5 9. Re1 Re8 10. h3 b6 11. Bg5 h6 12. Be3 Bb7 13. dxe5 Nxe4 14. Nxe4 Bxe4 15.
exd6 Bxb2 16. Rb1 Bg7 17. Qd2 Kh7 18. Bd4 Nf6 19. Bxf6 Bxf6 20. Qf4 Bxf3 21.
Bxf3 Qxd6 22. Qxd6 cxd6 23. Bxa8 Rxa8 24. Rxb6 Be5 25. Rb5 Rc8 26. Re2 Bc3 27.
Re7 Kg7 28. Rbb7 Kf6 29. Rxf7+ Ke6 30. Rfc7 1-0

[Event "5. Open BMW Augusta-Aragón - Stadium Ca"]
[Site "Zaragoza ESP"]
[Date "2011.12.30"]
[Round "8.9"]
[White "Antoli Royo, Joaquin Miguel"]
[Black "Sgnaolin, Davide"]
[Result "1-0"]
[WhiteElo "2410"]
[BlackElo "2242"]
[PlyCount "95"]
[EventDate "2011.12.23"]
[EventType "swiss"]
[EventRounds "9"]
[EventCountry "ESP"]
[Source "lmi"]
[SourceDate "2011.12.23"]

1. Nf3 Nf6 2. c4 c5 3. g3 e6 4. d4 cxd4 5. Nxd4 Bb4+ 6. Nc3 O-O 7. Bg2 d5 8.
Qb3 Bxc3+ 9. bxc3 Nc6 10. Nxc6 bxc6 11. Qa4 Qb6 12. cxd5 cxd5 13. O-O Bd7 14.
Qh4 Rfc8 15. Be3 Qd6 16. Bg5 Qe5 17. Be3 Qd6 18. Qb4 Qc7 19. Rfc1 a5 20. Qh4
Bb5 21. a4 Bxe2 22. Re1 Bd3 23. Bd4 Ne8 24. Bh3 Qd8 25. Qf4 Ra6 26. Rad1 Bc2
27. Ra1 Qc7 28. Be5 Qe7 29. Bf1 Rac6 30. Bb5 Rc4 31. Bd4 Nd6 32. Bxc4 Rxc4 33.
Ra2 Be4 34. f3 Bg6 35. Qe5 Nf5 36. Qb8+ Qf8 37. Qxf8+ Kxf8 38. Bb6 Rxc3 39.
Bxa5 Rb3 40. Rd1 Ne3 41. Rc1 Nc4 42. Bc3 e5 43. a5 d4 44. Bxd4 exd4 45. Rxc4
Bb1 46. Ra1 d3 47. a6 d2 48. Rd4 1-0

[Event "5. Open BMW Augusta-Aragón - Stadium Ca"]
[Site "Zaragoza ESP"]
[Date "2011.12.30"]
[Round "8.11"]
[White "Iagar, Razvan-Gabriel"]
[Black "Ramiro Ovejero, Juan Luis"]
[Result "0-1"]
[WhiteElo "2170"]
[BlackElo "2303"]
[PlyCount "66"]
[EventDate "2011.12.23"]
[EventType "swiss"]
[EventRounds "9"]
[EventCountry "ESP"]
[Source "lmi"]
[SourceDate "2011.12.23"]

1. d4 Nf6 2. Nf3 c5 3. d5 b5 4. c4 e6 5. Bg5 h6 6. Bxf6 Qxf6 7. Qc2 exd5 8.
cxd5 g6 9. Nbd2 d6 10. e4 Bd7 11. Qb3 Bg7 12. Rb1 a6 13. a4 O-O 14. axb5 axb5
15. Bxb5 Bxb5 16. Qxb5 Na6 17. b3 Nb4 18. O-O Rfb8 19. Qd7 Rd8 20. Qb5 Qf4 21.
g3 Qg4 22. Kg2 Rdb8 23. Qe2 Ra2 24. h3 Qd7 25. Rfe1 Re8 26. Qf1 Nc2 27. Red1
Rxe4 28. Qd3 Re8 29. Nc4 Nb4 30. Qf1 Ree2 31. Nfd2 Qe7 32. Kf3 Nc2 33. Kg2 Bd4
0-1

[Event "5. Open BMW Augusta-Aragón - Stadium Ca"]
[Site "Zaragoza ESP"]
[Date "2011.12.30"]
[Round "8.12"]
[White "Iturbide Arnedo, Oscar"]
[Black "Hernandez Estevez, Yudania"]
[Result "1-0"]
[WhiteElo "2117"]
[BlackElo "2284"]
[PlyCount "43"]
[EventDate "2011.12.23"]
[EventType "swiss"]
[EventRounds "9"]
[EventCountry "ESP"]
[Source "lmi"]
[SourceDate "2011.12.23"]

1. d4 d5 2. e4 dxe4 3. Nc3 Nf6 4. f3 exf3 5. Nxf3 Bg4 6. h3 Bh5 7. g4 Bg6 8.
Ne5 Nbd7 9. Qe2 Nb6 10. Bg2 c6 11. Qf2 e6 12. O-O Bd6 13. Nxg6 fxg6 14. g5 O-O
15. gxf6 Rxf6 16. Qe2 Rxf1+ 17. Bxf1 Bc7 18. Be3 Nc4 19. Qxc4 Qd6 20. Qe2 Qg3+
21. Kh1 Rf8 22. Ne4 1-0

[Event "5. Open BMW Augusta-Aragón - Stadium Ca"]
[Site "Zaragoza ESP"]
[Date "2011.12.31"]
[Round "9.3"]
[White "Perez Mitjans, Orelvis"]
[Black "Cifuentes Parada, Roberto"]
[Result "1/2-1/2"]
[WhiteElo "2457"]
[BlackElo "2523"]
[PlyCount "134"]
[EventDate "2011.12.23"]
[EventType "swiss"]
[EventRounds "9"]
[EventCountry "ESP"]
[Source "lmi"]
[SourceDate "2011.12.23"]

1. e4 d6 2. d4 Nf6 3. f3 c5 4. Ne2 e6 5. Nbc3 Be7 6. dxc5 dxc5 7. Qxd8+ Bxd8 8.
Be3 b6 9. Nb5 O-O 10. O-O-O Nc6 11. Nec3 Be7 12. Bf4 Bb7 13. Nd6 Bxd6 14. Bxd6
Rfd8 15. Bg3 Rxd1+ 16. Nxd1 Nh5 17. Bh4 h6 18. Ne3 g5 19. Be1 Kg7 20. Bc3+ Nd4
21. Bc4 Rd8 22. Rd1 Nf4 23. a4 h5 24. b3 Kf6 25. Kb2 Ke7 26. Bf1 g4 27. fxg4
hxg4 28. Be1 Bxe4 29. c3 Nc6 30. Bh4+ f6 31. Rxd8 Nxd8 32. Nxg4 Nh5 33. g3 Nf7
34. Be2 Bg6 35. b4 cxb4 36. cxb4 Nd8 37. Kc3 Be8 38. b5 Nb7 39. Nh6 Nc5 40. Kb4
e5 41. Nf5+ Kd7 42. g4 Nf4 43. Bc4 Ne4 44. Ng3 Ng5 45. Bxg5 fxg5 46. Ne4 Nh3
47. a5 Bg6 48. Nf6+ Kc7 49. Nd5+ Kb7 50. a6+ Kb8 51. Ne7 Be4 52. Kc3 Nf4 53.
Kd2 Kc7 54. Ke3 Bg2 55. Kf2 Kd7 56. Nf5 Be4 57. Ke3 Bd5 58. Bf1 Ne6 59. h4 gxh4
60. Nxh4 Kd6 61. Nf5+ Kc5 62. Ne7 Bc4 63. Bxc4 Kxc4 64. Nc8 Kxb5 65. Nxa7+ Kxa6
66. Nc6 b5 67. Nxe5 b4 1/2-1/2

[Event "5. Open BMW Augusta-Aragón - Stadium Ca"]
[Site "Zaragoza ESP"]
[Date "2011.12.31"]
[Round "9.4"]
[White "Kogan, Artur"]
[Black "Forcen Esteban, Daniel"]
[Result "1-0"]
[WhiteElo "2572"]
[BlackElo "2410"]
[PlyCount "57"]
[EventDate "2011.12.23"]
[EventType "swiss"]
[EventRounds "9"]
[EventCountry "ESP"]
[Source "lmi"]
[SourceDate "2011.12.23"]

1. e4 Nf6 2. e5 Nd5 3. d4 d6 4. Nf3 Nc6 5. c4 Nb6 6. exd6 exd6 7. h3 Be7 8. Be2
O-O 9. O-O Bf6 10. Nc3 Bf5 11. Bf4 Re8 12. Rc1 g5 13. Be3 h6 14. Qb3 a5 15.
Rfd1 a4 16. Qa3 d5 17. Nxd5 Nxd5 18. cxd5 Ne7 19. Bb5 Bd7 20. Bc4 b5 21. Bd3
Nxd5 22. Bb1 Bg7 23. Ne5 Bxe5 24. dxe5 Rxe5 25. Bd4 Re8 26. Qd3 f5 27. Qf3 Ne7
28. Be5 Rc8 29. Qh5 1-0

[Event "5. Open BMW Augusta-Aragón - Stadium Ca"]
[Site "Zaragoza ESP"]
[Date "2011.12.31"]
[Round "9.5"]
[White "Paunovic, Dragan"]
[Black "Lopez Gracia, Fernando"]
[Result "1/2-1/2"]
[WhiteElo "2528"]
[BlackElo "2336"]
[PlyCount "65"]
[EventDate "2011.12.23"]
[EventType "swiss"]
[EventRounds "9"]
[EventCountry "ESP"]
[Source "lmi"]
[SourceDate "2011.12.23"]

1. c4 e5 2. g3 Nc6 3. Bg2 Nf6 4. Nc3 Bc5 5. d3 a6 6. Nf3 d6 7. O-O O-O 8. Rb1
h6 9. a3 Nd4 10. Nd2 c6 11. b4 Ba7 12. e3 Bg4 13. Nf3 Nxf3+ 14. Bxf3 Bxf3 15.
Qxf3 d5 16. cxd5 cxd5 17. e4 dxe4 18. dxe4 Rc8 19. Bb2 Bd4 20. Rfd1 Qb6 21. Nd5
Nxd5 22. Bxd4 exd4 23. exd5 Rc3 24. Rd3 Rxd3 25. Qxd3 Rd8 26. Re1 Qb5 27. Qxd4
Rxd5 28. Re8+ Qxe8 29. Qxd5 Qb5 30. Qd4 Qc6 31. Qd8+ Kh7 32. Qd3+ g6 33. h4
1/2-1/2

[Event "5. Open BMW Augusta-Aragón - Stadium Ca"]
[Site "Zaragoza ESP"]
[Date "2011.12.31"]
[Round "9.7"]
[White "Iturbide Arnedo, Oscar"]
[Black "Antoli Royo, Joaquin Miguel"]
[Result "0-1"]
[WhiteElo "2117"]
[BlackElo "2410"]
[PlyCount "98"]
[EventDate "2011.12.23"]
[EventType "swiss"]
[EventRounds "9"]
[EventCountry "ESP"]
[Source "lmi"]
[SourceDate "2011.12.23"]

1. d4 Nf6 2. Nc3 c5 3. d5 g6 4. e4 d6 5. Nf3 Bg7 6. Be2 O-O 7. O-O Na6 8. Nd2
Nc7 9. a4 b6 10. Nc4 Rb8 11. Bf4 Ba6 12. Qd2 Bxc4 13. Bxc4 a6 14. Rfe1 b5 15.
axb5 axb5 16. Bf1 b4 17. Na4 Qd7 18. Bh6 Bxh6 19. Qxh6 Nb5 20. Bxb5 Qxb5 21. b3
Ra8 22. Qe3 Qa5 23. Rac1 Ne8 24. Nb2 Nc7 25. Nc4 Qa6 26. f4 Nb5 27. f5 Qb7 28.
Qh6 Kh8 29. Re3 Rg8 30. Rh3 Rg7 31. e5 gxf5 32. exd6 exd6 33. Ne3 Nd4 34. Rf1
f4 35. Ng4 Qxd5 36. Qf6 Qg5 37. Qxg5 Rxg5 38. Nf6 Kg7 39. Nh5+ Kf8 40. Nxf4 Kg8
41. Rh6 Ra6 42. h4 Rf5 43. g3 Kg7 44. Rh5 Rxh5 45. Nxh5+ Kf8 46. Nf6 h6 47. Rf2
Ra1+ 48. Kg2 Rc1 49. Ne4 Ke7 0-1

[Event "5. Open BMW Augusta-Aragón - Stadium Ca"]
[Site "Zaragoza ESP"]
[Date "2011.12.31"]
[Round "9.8"]
[White "Gonzalez Perez, Arian"]
[Black "Dauletova, Gulmira"]
[Result "1-0"]
[WhiteElo "2474"]
[BlackElo "2283"]
[PlyCount "145"]
[EventDate "2011.12.23"]
[EventType "swiss"]
[EventRounds "9"]
[EventCountry "ESP"]
[Source "lmi"]
[SourceDate "2011.12.23"]

1. d4 Nf6 2. c4 e6 3. g3 Bb4+ 4. Bd2 a5 5. Bg2 d6 6. Nf3 Nbd7 7. O-O e5 8. e3
Bxd2 9. Qxd2 O-O 10. Nc3 Re8 11. Rad1 Qe7 12. Qc2 Nb6 13. b3 e4 14. Nd2 Bf5 15.
Rde1 Qe6 16. Qd1 d5 17. f3 exf3 18. Qxf3 Bg4 19. Qf4 dxc4 20. bxc4 c6 21. e4
Nxc4 22. Nb3 Nh5 23. Qf2 Qf6 24. Qc2 Qh6 25. Qd3 b5 26. e5 a4 27. Nc5 Rad8 28.
Qe4 Nd2 29. Qxg4 Nxf1 30. Kxf1 Qd2 31. Ne2 g6 32. Bxc6 Re7 33. Bxb5 Ng7 34. Ne4
Qh6 35. Nf6+ Kh8 36. h4 Nf5 37. Qg5 Qxg5 38. hxg5 Nxd4 39. Rd1 Ne6 40. Rxd8+
Nxd8 41. Bxa4 Ne6 42. Kf2 Nc5 43. Bb5 Ra7 44. Bc4 Kg7 45. Ne8+ Kf8 46. Nd6 Ne6
47. Bxe6 fxe6 48. Nc3 Rc7 49. Ndb5 Rc4 50. Ke3 Ke7 51. a4 Rc8 52. Ne4 Ra8 53.
Nbc3 h5 54. Nc5 Rc8 55. N3e4 Ra8 56. Nd6 Ra5 57. Kd4 Ra8 58. Kc4 Rf8 59. Nd3
Kd7 60. Ne4 Ra8 61. Nec5+ Kc6 62. Nc1 Kb6 63. N1b3 Rc8 64. a5+ Kc7 65. Nd4 Ra8
66. Ndxe6+ Kc6 67. Nd4+ Kc7 68. a6 Kb6 69. e6 Rc8 70. Ndb3 Rd8 71. Nc1 Kc6 72.
N1d3 Kd6 73. Nb7+ 1-0

[Event "5. Open BMW Augusta-Aragón - Stadium Ca"]
[Site "Zaragoza ESP"]
[Date "2011.12.31"]
[Round "9.10"]
[White "Romon Poves, Raul"]
[Black "Garza Marco, Sergio"]
[Result "1/2-1/2"]
[WhiteElo "2296"]
[BlackElo "2394"]
[PlyCount "134"]
[EventDate "2011.12.23"]
[EventType "swiss"]
[EventRounds "9"]
[EventCountry "ESP"]
[Source "lmi"]
[SourceDate "2011.12.23"]

1. e4 g6 2. d4 Bg7 3. Nf3 d6 4. Nc3 a6 5. a4 Nf6 6. Be3 b6 7. e5 Ng4 8. Bf4 Nc6
9. exd6 cxd6 10. Be2 O-O 11. O-O Bb7 12. h3 Nf6 13. Qd2 Rc8 14. Bh6 Na5 15.
Bxg7 Kxg7 16. Rfe1 e6 17. Nh2 Nc4 18. Bxc4 Rxc4 19. Re3 Qa8 20. Ng4 Nxg4 21.
hxg4 Rh8 22. f4 Qc8 23. Rf1 h5 24. f5 hxg4 25. fxe6 fxe6 26. Rg3 Rf8 27. Rxf8
Qxf8 28. Rxg4 Qf6 29. Rf4 Qe7 30. Rg4 Rc8 31. Ne2 e5 32. Qd3 Qe6 33. Rh4 Qf5
34. dxe5 Qxd3 35. cxd3 dxe5 36. Rb4 Rc6 37. Kf2 Rd6 38. Rc4 Kf6 39. Rc7 Bc6 40.
Nc3 Kg5 41. b4 Kg4 42. b5 axb5 43. axb5 Ba8 44. Rc4+ Kg5 45. Rc8 Rxd3 46. Rxa8
Rxc3 47. Rb8 Kf4 48. Rf8+ Ke4 49. Rf6 g5 50. Rxb6 g4 51. Rg6 Kf4 52. Rf6+ Kg5
53. Rf8 g3+ 54. Ke2 Rc2+ 55. Kf1 Rb2 56. Rb8 e4 57. b6 Kf4 58. Ke1 Ke3 59. Kd1
Rxg2 60. Rg8 Rb2 61. Rxg3+ Kf2 62. Rg6 Rb1+ 63. Kc2 Rb5 64. Rf6+ Ke2 65. Kc3 e3
66. Kc4 Rb2 67. Kc5 Kd2 1/2-1/2

[Event "5. Open BMW Augusta-Aragón - Stadium Ca"]
[Site "Zaragoza ESP"]
[Date "2011.12.31"]
[Round "9.11"]
[White "Villuendas Valero, Adrian"]
[Black "Chueca Forcen, Alberto"]
[Result "1/2-1/2"]
[WhiteElo "2267"]
[BlackElo "2350"]
[PlyCount "57"]
[EventDate "2011.12.23"]
[EventType "swiss"]
[EventRounds "9"]
[EventCountry "ESP"]
[Source "lmi"]
[SourceDate "2011.12.23"]

1. d4 e6 2. Nf3 f5 3. d5 Nf6 4. dxe6 Bc5 5. Nc3 O-O 6. Bg5 c6 7. e3 d5 8. Nd4
Qe8 9. Bd3 Ne4 10. Bf4 Bxe6 11. Nce2 Nd7 12. f3 Bb6 13. fxe4 fxe4 14. Bxe4 dxe4
15. Nxe6 Qxe6 16. Qd6 Qg4 17. h3 Qf5 18. O-O-O Nf6 19. g4 Qa5 20. Nc3 Kh8 21.
Kb1 Bc5 22. Qc7 Qxc7 23. Bxc7 Bxe3 24. Be5 Bb6 25. Bxf6 Rxf6 26. Nxe4 Rf7 27.
Rhe1 Re7 28. Nd6 Rd7 29. Nc4 1/2-1/2

[Event "5. Open BMW Augusta-Aragón - Stadium Ca"]
[Site "Zaragoza ESP"]
[Date "2011.12.31"]
[Round "9.12"]
[White "Franco Ocampos, Zenon"]
[Black "Roche Simon, Manuel Angel"]
[Result "1-0"]
[WhiteElo "2505"]
[BlackElo "2174"]
[PlyCount "63"]
[EventDate "2011.12.23"]
[EventType "swiss"]
[EventRounds "9"]
[EventCountry "ESP"]
[Source "lmi"]
[SourceDate "2011.12.23"]

1. c4 e5 2. g3 Nc6 3. Bg2 g6 4. Nc3 Bg7 5. e4 d6 6. Nge2 h5 7. h4 Nd4 8. Nxd4
exd4 9. Ne2 Ne7 10. d3 c5 11. O-O Bd7 12. b4 b5 13. bxc5 bxc4 14. cxd6 Nc6 15.
Nf4 Ne5 16. dxc4 Nxc4 17. Nd3 O-O 18. e5 Nxe5 19. Bg5 Qa5 20. Nxe5 Bxe5 21.
Bxa8 Rxa8 22. Qf3 Rc8 23. Qb7 Qa4 24. Rac1 Rc3 25. Rfe1 Bxd6 26. Bf6 Rxc1 27.
Rxc1 Qa3 28. Re1 Qc3 29. Rd1 Bxg3 30. Qxd7 Bxf2+ 31. Kf1 Qc4+ 32. Kg2 1-0

[Event "5. Open BMW Augusta-Aragón - Stadium Ca"]
[Site "Zaragoza ESP"]
[Date "2011.12.31"]
[Round "9.13"]
[White "Rzayev, Bahruz"]
[Black "Sierra Aguerri, Joaquin"]
[Result "1-0"]
[WhiteElo "2313"]
[BlackElo "2068"]
[PlyCount "75"]
[EventDate "2011.12.23"]
[EventType "swiss"]
[EventRounds "9"]
[EventCountry "ESP"]
[Source "lmi"]
[SourceDate "2011.12.23"]

1. e4 d5 2. Nc3 dxe4 3. Nxe4 Bf5 4. Ng3 Bg6 5. Nf3 e6 6. h4 h6 7. Ne5 Ne7 8. h5
Bf5 9. d4 Nd7 10. Bf4 Nd5 11. Bd2 Bh7 12. Nd3 Qf6 13. c4 Bxd3 14. Bxd3 Qxd4 15.
cxd5 Qxd3 16. dxe6 fxe6 17. Qa4 O-O-O 18. O-O-O Qh7 19. Qxa7 Bc5 20. Qa8+ Nb8
21. f3 Rd6 22. Qa4 Rc6 23. Ne4 Bd4+ 24. Kb1 e5 25. Rc1 Ra6 26. Qc2 Nc6 27. Bc3
Qg8 28. b3 Qd5 29. Rh4 Rd8 30. Rg4 Rd7 31. Rg6 Be3 32. Re1 Nd4 33. Rxa6 bxa6
34. Qd3 Bf4 35. Qxa6+ Kd8 36. Qc4 c6 37. Bxd4 Qxc4 38. Bb6+ 1-0

[Event "5. Open BMW Augusta-Aragón - Stadium Ca"]
[Site "Zaragoza ESP"]
[Date "2011.12.31"]
[Round "9.14"]
[White "Arnedo Ruiz, Alberto"]
[Black "Hernandez Estevez, Yudania"]
[Result "1-0"]
[WhiteElo "2067"]
[BlackElo "2284"]
[PlyCount "85"]
[EventDate "2011.12.23"]
[EventType "swiss"]
[EventRounds "9"]
[EventCountry "ESP"]
[Source "lmi"]
[SourceDate "2011.12.23"]

1. c4 Nf6 2. Nf3 c6 3. Nc3 d5 4. e3 a6 5. b3 Bg4 6. Qc2 e6 7. Bb2 Nbd7 8. Rd1
Bd6 9. h3 Bf5 10. d3 h6 11. e4 Bg6 12. Qe2 Bb4 13. e5 Qa5 14. Qc2 d4 15. Nxd4
Qxe5+ 16. Nde2 Nc5 17. a3 O-O-O 18. axb4 Nxd3+ 19. Rxd3 Rxd3 20. Qc1 Rhd8 21.
Nd5 Qd6 22. Nef4 Rxb3 23. c5 Qf8 24. Bc4 exd5 25. Bxb3 Re8+ 26. Kf1 Ne4 27. Bd1
Qe7 28. Bg4+ Kb8 29. h4 Bh7 30. Rh3 Ka7 31. Bd4 g5 32. hxg5 hxg5 33. Nxd5 Qd8
34. Rxh7 Qxd5 35. Be3 Nf6 36. Bf3 Qd3+ 37. Kg1 Qxh7 38. b5 Rh8 39. g3 Ng4 40.
bxc6 Ne5 41. Bg2 Nxc6 42. Qb2 Qg6 43. Qxh8 1-0